Among the Burning Flowers (Record no. 369181)

MARC details
000 -LEADER
fixed length control field 01458 a2200157 4500
003 - CONTROL NUMBER IDENTIFIER
control field OSt
005 - DATE AND TIME OF LATEST TRANSACTION
control field 20251201140604.0
008 - FIXED-LENGTH DATA ELEMENTS--GENERAL INFORMATION
fixed length control field 251201b |||||||| |||| 00| 0 eng d
020 ## - INTERNATIONAL STANDARD BOOK NUMBER
International Standard Book Number 9781526686824
100 ## - MAIN ENTRY--PERSONAL NAME
Personal name Shannon S.
9 (RLIN) 215550
245 ## - TITLE STATEMENT
Title Among the Burning Flowers
260 ## - PUBLICATION, DISTRIBUTION, ETC. (IMPRINT)
Name of publisher, distributor, etc. Bloomsbury Pulication
Date of publication, distribution, etc. 2025
Place of publication, distribution, etc. New Delhi
300 ## - PHYSICAL DESCRIPTION
Extent 276pp
520 ## - SUMMARY, ETC.
Summary, etc. With the awakening of fire-breathing dragons, Among the Burning Flowers sees the first sparks of danger that threaten to consume the world in The Priory of the Orange Tree.<br/><br/>Take your first steps into the epic.<br/>Yscalin, land of sunshine and lavender, will soon be ablaze.<br/><br/>It has been centuries since the Draconic Army took wing, almost extinguishing humankind.<br/><br/>Marosa Vetalda is a prisoner in her own home, controlled by her cold father, King Sigoso. Over the mountains, her betrothed, Aubrecht Lievelyn, rules Mentendon in all but name. Together, they intend to usher in a better world.<br/><br/>A better world seems impossibly distant to Estina Melaugo, who hunts the Draconic beasts that have slept across the world for centuries.<br/><br/>And now the great wyrm Fýredel is stirring, and Yscalin will be the first to fall . . .<br/><br/>A story of human resilience in the face of dire circumstances, Among the Burning Flowers leads readers through the gripping and tragic circumstances that pave the way for the opening of the million-copy bestseller The Priory of The Orange Tree.<br/>
942 ## - ADDED ENTRY ELEMENTS (KOHA)
Koha item type Books
Source of classification or shelving scheme Dewey Decimal Classification
Holdings
Withdrawn status Lost status Source of classification or shelving scheme Damaged status Not for loan Collection code Home library Current library Date acquired Vendor Cost, normal purchase price Total Checkouts Barcode Date last seen Date last checked out Cost, replacement price Bill Date Koha item type Original Barcode
    Dewey Decimal Classification     BCA MKSSS s K.B. Joshi Institute of Information Technology Library MKSSS s K.B. Joshi Institute of Information Technology Library 27/11/2025 8 449.25 4 KBJP-BK-2852 02/03/2026 26/02/2026 599.00 27/11/2025 Books 2852